000 00544nam a2200217Ia 4500
008 180523s9999 xx 000 0 und d
020 _a81-8376-058-9
050 _aMAIN G 155.7
050 _b.D37 2006
100 _aDas, S. Kumar.
245 0 _aResearch methodology in tourism /
245 0 _cS. Kumar Das.
260 _aIndia :
260 _bABD Publishers,
260 _c2006
300 _a346 pages :
300 _c22 cm.
500 _aIncludes index.
650 _aTourism -- Research.
650 _xResearch -- Methodology.
999 _c356628
_d356628